000 00345nam a22001457a 4500
003 OSt
005 20220218134046.0
008 220218b |||||||| |||| 00| 0 eng d
020 _a0195691563
040 _cHU
082 _a660
100 _aWei
_927751
245 _aProduct Engineering Molecular Structure & Properties
942 _2ddc
_cBOOKS
_n0
999 _c30826
_d30826